| 000 | 00574nam a2200181 a 4500 | ||
|---|---|---|---|
| 001 | 000021151 | ||
| 005 | 20200930011238.0 | ||
| 008 | 100901s2000 dr abc 000 0 spa d | ||
| 020 | _a9993401676 | ||
| 040 |
_aDO-SdBNP _bspa _cBNPHU |
||
| 082 |
_axxx _bO77e |
||
| 100 | 1 |
_aOrtega, Elpidio J. _934683 |
|
| 245 | 1 | 0 |
_aExpresiones culturales del sur / _cElpidio J. Ortega. |
| 260 |
_aSanto Domingo : _bAcademia de Ciencias de la RepĂşblica Dominicana, _c2000. |
||
| 300 |
_a231 p. : _bil., map.,retr.,graf. ;. |
||
| 504 | _aIncluye referencias bibliográficas | ||
| 049 | _aBNPD | ||
| 999 |
_c20653 _d20653 |
||